000
00286nam a2200109Ia 4500
008
200302s9999 xx 000 0 und d
100
_a
Eugene and Barbara
245
_a
Community Centers and Student Unions
260
_b
Van Nostrand Reingold Co. Ltd.
260
_c
1971
300
_a
319 P.,
999
_c
2327
_d
2327